[Event "GBR-ch 50+ 106th"]
[Site "Torquay"]
[Date "2019.08.03"]
[Round "6.11"]
[White "Smith, Graham M"]
[Black "Gibbs, Dominic V"]
[Result "1/2-1/2"]
[WhiteElo "2010"]
[BlackElo "1918"]
[PlyCount "24"]
[EventDate "2019.07.29"]
[EventType "swiss"]
[EventRounds "7"]
[EventCountry "ENG"]
[SourceTitle "EXT 2021"]
[Source "ChessBase"]
[SourceDate "2020.10.23"]
[SourceVersion "1"]
[SourceVersionDate "2020.10.23"]
[SourceQuality "1"]

1. b3 c5 2. e4 d6 3. f4 Nc6 4. Nf3 Nf6 5. Nc3 g6 6. Bb2 Bg7 7. Nd5 e6 8. Ne3 b6 9. Bb5 Bd7 10. d3 a6 11. Bxc6 Bxc6 12. 0-0 0-0 1/2-1/2

[Event "BCF-chT3S 1819 (4NCL) Demotion pool"]
[Site "England"]
[Date "2019.04.14"]
[Round "8.62"]
[White "Smith, Graham M"]
[Black "Ortiz Sanchez, Luis"]
[Result "1/2-1/2"]
[WhiteElo "2021"]
[BlackElo "1950"]
[PlyCount "62"]
[EventDate "2019.04.14"]
[EventType "team-tourn"]
[EventRounds "11"]
[EventCountry "ENG"]
[SourceTitle "EXT 2021"]
[Source "ChessBase"]
[SourceDate "2020.10.23"]
[SourceVersion "1"]
[SourceVersionDate "2020.10.23"]
[SourceQuality "1"]
[WhiteTeam "MK Phoenix"]
[BlackTeam "Iceni II"]
[WhiteTeamCountry "ENG"]
[BlackTeamCountry "ENG"]

1. b3 e5 2. Bb2 Nc6 3. e3 Nf6 4. Bb5 Bd6 5. Nh3 a6 6. Be2 b5 7. 0-0 Qe7 8. c4 bxc4 9. Bxc4 0-0 10. Nc3 Ba3 11. Bxa3 Qxa3 12. f4 Qa5 13. Qf3 Bb7 14. Qg3 e4 15. Nf2 d5 16. Be2 Ne7 17. Rac1 c5 18. d3 Nf5 19. Qh3 Nxe3 20. Qxe3 d4 21. Qh3 dxc3 22. dxe4 Qxa2 23. Bd3 h6 24. Rxc3 Rac8 25. Rfc1 Qd2 26. Qf5 Rc7 27. e5 Bc8 28. e6 Bxe6 29. Qe5 Qxf2+ 30. Kxf2 Ng4+ 31. Kg3 Nxe5 1/2-1/2

[Event "BCF-chT3Sa 1819 (4NCL)"]
[Site "England"]
[Date "2019.04.13"]
[Round "7.34"]
[White "Smith, Graham M"]
[Black "Okhai, Shabir"]
[Result "0-1"]
[WhiteElo "2021"]
[BlackElo "2073"]
[PlyCount "36"]
[EventDate "2018.11.17"]
[EventType "team-tourn"]
[EventRounds "7"]
[EventCountry "ENG"]
[SourceTitle "EXT 2021"]
[Source "ChessBase"]
[SourceDate "2020.10.23"]
[SourceVersion "1"]
[SourceVersionDate "2020.10.23"]
[SourceQuality "1"]
[WhiteTeam "MK Phoenix"]
[BlackTeam "Fermented Sharks"]
[WhiteTeamCountry "ENG"]
[BlackTeamCountry "ENG"]

1. Nf3 Nf6 2. c4 e6 3. g3 d5 4. Bg2 Be7 5. 0-0 0-0 6. d4 b6 7. Nc3 Bb7 8. Ne5 Nbd7 9. Qa4 c6 10. Nxc6 Bxc6 11. Qxc6 Rc8 12. Qa4 Rxc4 13. Qxa7 Rxd4 14. Qa6 Rc4 15. Bd2 Nc5 16. Qb5 Ne8 17. b3 Nd6 18. Qc6 Nxb3 0-1

[Event "BCF-chT3S 1718 (4NCL) Promotion pool"]
[Site "England"]
[Date "2018.05.07"]
[Round "11.36"]
[White "Trevelyan, John"]
[Black "Smith, Graham M"]
[Result "1-0"]
[WhiteElo "2023"]
[BlackElo "2026"]
[PlyCount "79"]
[EventDate "2017.11.11"]
[EventType "team-tourn"]
[EventRounds "11"]
[EventCountry "ENG"]
[SourceTitle "EXT 2020"]
[Source "ChessBase"]
[SourceDate "2019.10.17"]
[SourceVersion "1"]
[SourceVersionDate "2019.10.17"]
[SourceQuality "1"]
[WhiteTeam "Rhyfelwyr Essyllwg"]
[BlackTeam "MK Phoenix"]
[WhiteTeamCountry "WLS"]
[BlackTeamCountry "ENG"]

1. e4 d6 2. f4 e5 3. Nf3 exf4 4. Bc4 Be6 5. Bxe6 fxe6 6. d4 e5 7. dxe5 Nc6 8. Bxf4 dxe5 9. Bg5 Qxd1+ 10. Kxd1 h6 11. Be3 0-0-0+ 12. Nbd2 Nf6 13. Kc1 Bd6 14. c3 g5 15. Kc2 Kb8 16. Rhf1 Rhf8 17. Bg1 Ne7 18. Rae1 Ng6 19. Nc4 g4 20. Nfd2 Be7 21. Ne3 Nh4 22. Nf5 Nxf5 23. exf5 Bd6 24. Bf2 Rd7 25. Bh4 Rdf7 26. Nc4 Nd5 27. Nxe5 Bxe5 28. Rxe5 c6 29. f6 Kc8 30. c4 Nb6 31. b3 Nd7 32. Rh5 Re8 33. Rf2 Re5 34. Rxh6 Ra5 35. Kb2 Ne5 36. Rd2 b5 37. Rh8+ Kb7 38. Re8 bxc4 39. Re7+ Kb6 40. Bf2+ 1-0

[Event "BCF-chT3Sb 1718 (4NCL)"]
[Site "England"]
[Date "2018.03.24"]
[Round "7.73"]
[White "Smith, Graham M"]
[Black "Pozimski, Szymon"]
[Result "0-1"]
[WhiteElo "2026"]
[BlackElo "1987"]
[PlyCount "88"]
[EventDate "2017.11.11"]
[EventType "team-tourn"]
[EventRounds "11"]
[EventCountry "ENG"]
[SourceTitle "EXT 2020"]
[Source "ChessBase"]
[SourceDate "2019.10.17"]
[SourceVersion "1"]
[SourceVersionDate "2019.10.17"]
[SourceQuality "1"]
[WhiteTeam "MK Phoenix"]
[BlackTeam "Oxford II"]
[WhiteTeamCountry "ENG"]
[BlackTeamCountry "ENG"]

1. b3 Nf6 2. Bb2 g6 3. Bxf6 exf6 4. c4 Bg7 5. Nc3 f5 6. Rc1 Nc6 7. g3 b6 8. Bg2 Bb7 9. e3 Qc8 10. Nf3 Ne5 11. d4 Ng4 12. 0-0 0-0 13. h3 Nf6 14. Nd2 Bxg2 15. Kxg2 Qb7+ 16. Qf3 c6 17. g4 fxg4 18. hxg4 Ne8 19. Rh1 f5 20. g5 Rf7 21. Rh4 Bf8 22. Ne2 Ng7 23. Nf4 Ne6 24. Nxe6 dxe6 25. c5 bxc5 26. dxc5 Rd8 27. Nc4 Rd5 28. Na5 Qb5 29. b4 Be7 30. Qg3 f4 31. exf4 Bxc5 32. Rxc5 Rxc5 33. bxc5 Qxa5 34. f5 gxf5 35. g6 hxg6 36. Qb8+ Rf8 37. Qe5 Qd2 38. Qh8+ Kf7 39. Qh7+ Kf6 40. Ra4 Qg5+ 41. Kf1 Rd8 42. Rxa7 Rd1+ 43. Ke2 Qd2+ 44. Kf3 Qd5+ 0-1

[Event "BCF-chT3Sb 1718 (4NCL)"]
[Site "England"]
[Date "2018.01.13"]
[Round "3.53"]
[White "Smith, Graham M"]
[Black "Farrand, Tom"]
[Result "1/2-1/2"]
[WhiteElo "2026"]
[BlackElo "2145"]
[PlyCount "30"]
[EventDate "2017.11.11"]
[EventType "team-tourn"]
[EventRounds "11"]
[EventCountry "ENG"]
[SourceTitle "EXT 2020"]
[Source "ChessBase"]
[SourceDate "2019.10.17"]
[SourceVersion "1"]
[SourceVersionDate "2019.10.17"]
[SourceQuality "1"]
[WhiteTeam "MK Phoenix"]
[BlackTeam "CSC Dragons"]
[WhiteTeamCountry "ENG"]
[BlackTeamCountry "ENG"]

1. d4 e6 2. Bf4 b6 3. Nd2 Bb7 4. e4 d6 5. Bd3 Nd7 6. Ngf3 Ne7 7. 0-0 g6 8. c3 Bg7 9. Qe2 h6 10. h3 g5 11. Bh2 Nf8 12. e5 d5 13. Rfe1 Neg6 14. Qe3 Rg8 15. b4 Bh8 1/2-1/2

[Event "BCF-chT3S 1617 (4NCL) Promotion pool"]
[Site "England"]
[Date "2017.04.29"]
[Round "9.46"]
[White "Smith, Graham M"]
[Black "Myall, Ivan J"]
[Result "0-1"]
[WhiteElo "2011"]
[BlackElo "2057"]
[PlyCount "112"]
[EventDate "2016.11.26"]
[EventType "team-tourn"]
[EventRounds "11"]
[EventCountry "ENG"]
[SourceTitle "EXT 2019"]
[Source "ChessBase"]
[SourceDate "2018.10.10"]
[SourceVersion "1"]
[SourceVersionDate "2018.10.10"]
[SourceQuality "1"]
[WhiteTeam "MK Phoenix"]
[BlackTeam "Anglian Avengers II"]
[WhiteTeamCountry "ENG"]
[BlackTeamCountry "ENG"]

1. d4 Nf6 2. Nf3 d5 3. c4 c6 4. Qb3 Qb6 5. Nc3 Qxb3 6. axb3 Bf5 7. c5 Nbd7 8. Bf4 Nh5 9. Bc7 Bg4 10. Nd2 e5 11. e3 exd4 12. exd4 Be7 13. h3 Be6 14. Be2 Nhf6 15. b4 0-0 16. 0-0 Rfc8 17. Bf4 a6 18. Nb3 Ne4 19. Na4 g5 20. Bh2 Bd8 21. f3 Nef6 22. Na5 Bxa5 23. bxa5 Bf5 24. Rfe1 Re8 25. Bf1 Rxe1 26. Rxe1 Re8 27. Kf2 Rxe1 28. Kxe1 h5 29. g4 hxg4 30. hxg4 Bc2 31. Nc3 Nf8 32. Kd2 Bg6 33. Na4 Ne6 34. Ke3 Ne8 35. Nb6 f6 36. Nc8 Kf7 37. b4 Nd8 38. Bb8 Ke6 39. f4 Bc2 40. f5+ Kd7 41. Nb6+ Ke7 42. Be2 Be4 43. Na4 Nf7 44. Nc3 Bc2 45. Kd2 Bb3 46. Bf3 Bc4 47. Nd1 Kd7 48. Ne3 Bb5 49. Nxd5 cxd5 50. Bxd5 Nd8 51. Ke3 Nc7 52. Bf3 Nc6 53. Bxc7 Kxc7 54. d5 Nxb4 55. Kd4 Nd3 56. Be4 Ne5 0-1

[Event "BCF-chT3Sd 1516 (4NCL)"]
[Site "England"]
[Date "2016.04.30"]
[Round "9.99"]
[White "Smith, Graham M"]
[Black "Piper, Stephen J"]
[Result "1/2-1/2"]
[WhiteElo "2031"]
[BlackElo "2034"]
[PlyCount "107"]
[EventDate "2016.03.20"]
[EventType "team-swiss"]
[EventRounds "11"]
[EventCountry "ENG"]
[SourceTitle "EXT 2017"]
[Source "ChessBase"]
[SourceDate "2016.10.25"]
[SourceVersion "1"]
[SourceVersionDate "2016.10.25"]
[SourceQuality "1"]
[WhiteTeam "MK Phoenix II"]
[BlackTeam "The Rookies"]
[WhiteTeamCountry "ENG"]
[BlackTeamCountry "ENG"]

1. e4 g6 2. d4 Bg7 3. c4 d6 4. Nc3 Nf6 5. f4 0-0 6. Nf3 Nfd7 7. Be2 e5 8. fxe5 dxe5 9. d5 h6 10. Be3 Nf6 11. Nd2 Ng4 12. Bxg4 Qh4+ 13. Bf2 Qxg4 14. Qxg4 Bxg4 15. h3 Bd7 16. g4 f5 17. gxf5 gxf5 18. exf5 Rxf5 19. Nce4 Na6 20. a3 Raf8 21. Ke2 Rh5 22. h4 Bg4+ 23. Ke3 Rhf5 24. Raf1 Bf3 25. Nxf3 Rxf3+ 26. Ke2 R3f4 27. Nd2 b6 28. Be3 Rg4 29. Rxf8+ Kxf8 30. h5 e4 31. Rf1+ Ke7 32. b4 Rh4 33. Rf4 Rxh5 34. Rxe4+ Kf7 35. b5 Nc5 36. Bxc5 bxc5 37. Nb3 Rh2+ 38. Kd3 Ra2 39. Nxc5 Rxa3+ 40. Ke2 Bf8 41. Ne6 Bd6 42. Rh4 Kg6 43. Rg4+ Kf5 44. Rh4 Ra2+ 45. Kf3 Rh2 46. Nd4+ Kf6 47. Rxh2 Bxh2 48. Nc6 Bg1 49. Kg4 Be3 50. Kh5 Kf5 51. Nd8 Ke5 52. Ne6 Kd6 53. Kg6 Bd2 54. Kh5 1/2-1/2

[Event "BCF-chT2a 1516 (4NCL)"]
[Site "England"]
[Date "2016.03.19"]
[Round "7.217"]
[White "Smith, Graham M"]
[Black "Hynes, Anthony"]
[Result "1/2-1/2"]
[WhiteElo "2022"]
[BlackElo "2134"]
[PlyCount "63"]
[EventDate "2015.11.14"]
[EventType "team-tourn"]
[EventRounds "7"]
[EventCountry "ENG"]
[SourceTitle "EXT 2017"]
[Source "ChessBase"]
[SourceDate "2016.10.25"]
[SourceVersion "1"]
[SourceVersionDate "2016.10.25"]
[SourceQuality "1"]
[WhiteTeam "MK Phoenix"]
[BlackTeam "Warwicks Select"]
[WhiteTeamCountry "ENG"]
[BlackTeamCountry "ENG"]

1. Nf3 g6 2. e4 Nf6 3. e5 Nd5 4. c4 Nb6 5. c5 Nd5 6. Bc4 e6 7. d4 d6 8. cxd6 cxd6 9. 0-0 Nc6 10. Bg5 Be7 11. Bh6 dxe5 12. Nxe5 Nxe5 13. dxe5 Nb6 14. Bb5+ Bd7 15. Nc3 Bg5 16. Bxg5 Qxg5 17. Qd6 Qe7 18. Bxd7+ Nxd7 19. Qc7 Qc5 20. Qxc5 Nxc5 21. Nb5 0-0 22. Rfd1 Rfd8 23. Rd6 Rxd6 24. exd6 a6 25. Nc3 b5 26. b4 Nd3 27. a4 bxa4 28. Rxa4 Rb8 29. Rxa6 Nxb4 30. Ra1 Nd5 31. Ra4 Rd8 32. Ra6 1/2-1/2

[Event "BCF-chT2a 1516 (4NCL)"]
[Site "England"]
[Date "2016.02.14"]
[Round "6.246"]
[White "Quinn, John M"]
[Black "Smith, Graham M"]
[Result "1/2-1/2"]
[WhiteElo "2125"]
[BlackElo "2015"]
[PlyCount "43"]
[EventDate "2015.11.14"]
[EventType "team-tourn"]
[EventRounds "7"]
[EventCountry "ENG"]
[SourceTitle "CBM 170 Extra"]
[Source "ChessBase"]
[SourceDate "2016.02.25"]
[SourceVersion "1"]
[SourceVersionDate "2016.02.25"]
[SourceQuality "1"]
[WhiteTeam "Celtic Tigers"]
[BlackTeam "MK Phoenix"]
[WhiteTeamCountry "ENG"]
[BlackTeamCountry "ENG"]

1. d4 Nf6 2. c4 e6 3. Nc3 Bb4 4. Qc2 0-0 5. Nf3 Nc6 6. a3 Bxc3+ 7. Qxc3 Qe7 8. e3 a5 9. b3 d6 10. Bb2 Re8 11. Be2 e5 12. 0-0 Bg4 13. Qc2 exd4 14. Nxd4 Nxd4 15. Bxd4 Bxe2 16. Qxe2 Nd7 17. Qb2 f6 18. Rad1 Ne5 19. Rd2 Qf7 20. Rc1 Qg6 21. Bxe5 Rxe5 22. Rd4 1/2-1/2

[Event "BCF-chT3Sb 1516 (4NCL)"]
[Site "England"]
[Date "2015.11.15"]
[Round "2.99"]
[White "Smith, Graham M"]
[Black "Pleasants, Allan J"]
[Result "1/2-1/2"]
[WhiteElo "2031"]
[BlackElo "2030"]
[PlyCount "54"]
[EventDate "2015.11.14"]
[EventType "team-swiss"]
[EventRounds "7"]
[EventCountry "ENG"]
[SourceTitle "CBM 169 Extra"]
[Source "ChessBase"]
[SourceDate "2015.12.18"]
[SourceVersion "1"]
[SourceVersionDate "2015.12.18"]
[SourceQuality "1"]

1. e4 c5 2. Nf3 d6 3. Bb5+ Bd7 4. Bxd7+ Qxd7 5. 0-0 Nc6 6. Qe2 Nf6 7. h3 e6 8. c4 Be7 9. Nc3 0-0 10. d3 a6 11. Bf4 Nd4 12. Qd1 b5 13. b3 b4 14. Nxd4 cxd4 15. Ne2 e5 16. Bd2 Qb7 17. f4 Nd7 18. Ng3 Nc5 19. Qf3 f6 20. Nf5 Rf7 21. Qg3 Kh8 22. Rf3 Bf8 23. Qe1 a5 24. Rb1 g6 25. Ng3 Bg7 26. f5 g5 27. Nh5 Qc6 1/2-1/2

[Event "BCF-chT2d 1415 (4NCL) Demotion pool"]
[Site "England"]
[Date "2015.05.03"]
[Round "10.20"]
[White "Grove, Michael"]
[Black "Smith, Graham M"]
[Result "1-0"]
[WhiteElo "2050"]
[BlackElo "2063"]
[PlyCount "143"]
[EventDate "2015.03.29"]
[EventType "team-tourn"]
[EventRounds "11"]
[EventCountry "ENG"]
[SourceTitle "EXT 2016"]
[Source "ChessBase"]
[SourceDate "2015.10.08"]
[SourceVersion "1"]
[SourceVersionDate "2015.10.08"]
[SourceQuality "1"]
[WhiteTeam "KJCA Kings"]
[BlackTeam "MK Phoenix"]
[WhiteTeamCountry "ENG"]
[BlackTeamCountry "ENG"]

1. e4 c5 2. Nf3 e6 3. d4 cxd4 4. Nxd4 a6 5. Nc3 Qc7 6. Be3 Nf6 7. Bd3 Nc6 8. 0-0 Ne5 9. h3 b5 10. Qe2 Bb7 11. f4 Nc6 12. Nf3 Na5 13. Rae1 b4 14. Na4 Qc6 15. b3 Be7 16. Ne5 Qd6 17. Bc5 Qb8 18. Bxe7 Kxe7 19. Ng4 Qa7+ 20. Kh1 Nc6 21. Nxf6 gxf6 22. Qh5 Rag8 23. Qc5+ d6 24. Qxa7 Nxa7 25. Rf2 Nb5 26. Kh2 Rg7 27. Rc1 Rc8 28. Nb6 Rc3 29. Na4 Rc7 30. Re1 Nc3 31. Nxc3 Rxc3 32. a3 bxa3 33. Ra1 Rg8 34. Rxa3 Ra8 35. Ra5 Rc5 36. Ra4 Bc6 37. Ra3 a5 38. Rf1 a4 39. b4 Rh5 40. c4 d5 41. exd5 exd5 42. g4 Rh6 43. Re1+ Kd8 44. c5 f5 45. b5 fxg4 46. bxc6 Rxh3+ 47. Kg2 Kc7 48. Bb5 Rxa3 49. Re7+ Kd8 50. Rd7+ Kc8 51. Rxf7 Ra5 52. Rf8+ Kc7 53. Rf7+ Kd8 54. Rf8+ Ke7 55. c7 Rxb5 56. Re8+ Kxe8 57. c8Q+ Ke7 58. Qc7+ Ke6 59. Qc6+ Kf5 60. Qxd5+ Kg6 61. Qg5+ Kf7 62. Qd5+ Kf6 63. Qe5+ Kg6 64. Qe6+ Kg7 65. Qd7+ Kf6 66. Qxb5 Ra2+ 67. Kg3 h5 68. Qc6+ Kg7 69. Qd7+ Kf6 70. Qd6+ Kg7 71. Qe7+ Kh8 72. Qf8+ 1-0

[Event "Douglas PokerStars op"]
[Site "Douglas"]
[Date "2014.10.08"]
[Round "5"]
[White "Smith, Graham M"]
[Black "Walton, Alan J"]
[Result "1/2-1/2"]
[WhiteElo "2073"]
[BlackElo "2123"]
[PlyCount "88"]
[EventDate "2014.10.04"]
[EventType "swiss"]
[EventRounds "9"]
[EventCountry "IOM"]
[SourceTitle "CBM 162 Extra"]
[Source "ChessBase"]
[SourceDate "2014.10.17"]
[SourceVersion "1"]
[SourceVersionDate "2014.10.17"]
[SourceQuality "1"]

1. Nf3 f5 2. g3 Nf6 3. Bg2 d6 4. d4 e6 5. 0-0 Be7 6. c4 0-0 7. b4 Ne4 8. Bb2 Bf6 9. Nfd2 Nxd2 10. Qxd2 e5 11. dxe5 dxe5 12. Rd1 Qxd2 13. Nxd2 c6 14. e4 fxe4 15. Nxe4 Bg4 16. Rd2 a5 17. b5 Be6 18. Nd6 Rd8 19. Rad1 Ra7 20. b6 Ra6 21. c5 Rd7 22. Bf1 Ra8 23. Bc4 Bxc4 24. Nxc4 Rxd2 25. Rxd2 Na6 26. Ba3 Be7 27. Re2 Rd8 28. Nxa5 Bxc5 29. Bxc5 Nxc5 30. Rxe5 Rd1+ 31. Kg2 Nd7 32. Re2 Nxb6 33. Nxb7 Nd5 34. Nc5 Nb4 35. a3 Nd5 36. a4 Rc1 37. Nb3 Rc3 38. Rb2 Rc4 39. Ra2 Nb4 40. Ra1 Nc2 41. Rc1 Rc3 42. a5 c5 43. a6 Rxb3 44. Rxc2 Ra3 1/2-1/2